000 00808nam a2200205Ii 4500
003 JO-AjNU
008 230605s9999||||xx |||||||||||||| ||und||
040 _aJO-AjNU
_bara
_erda
_cJO-AjNU
041 _aara
050 1 4 _aHQ773 .T3988 1989
100 3 _aالطيب، محمد عبد الظاهر ,
_eauthor
_952883
245 0 0 _aمشكلات الابناء وعلاجها من الجنين الى المراهق
250 _aط1
264 3 1 _aالاسكندرية: دار المعرفة الجامعية، 1989
300 _a102ص
_bيحتوي على ببلوغرافية من 95-102ص
336 _atext
_btxt
_2rdacontent
337 _aunmediated
_bn
_2rdamedia
338 _avolume
_bnc
_2rdacarrier
650 4 _aعلم النفس الارتقائي - الاطفال - جوانب نفسية
_952884
999 _aA23452
_c27020
_d27020